| 000 | 01913nam0a2200385 4500 | ||
|---|---|---|---|
| 001 | RU\NLR\bibl\1725115 | ||
| 005 | 20241119184205.0 | ||
| 020 |
_aRU _b00-17594 _9Летопись авторефератов диссертаций |
||
| 021 |
_aRU _b2010-17111а _9685аа |
||
| 035 | _a(NLR Aleph) 001716087 | ||
| 090 |
_a1310334 _c1310334 |
||
| 100 | _a20101012d2010 u u0rusy50 ca | ||
| 101 | 0 | _arus | |
| 102 | _aRU | ||
| 105 | _ay dm ||||| | ||
| 135 | _acrgn 008aaaba | ||
| 200 | 1 |
_aРазвитие общественного призрения в условиях административных реформ в России в XVIII-начале XX в. _e(на примере Ставропольской губернии) _eавтореферат диссертации на соискание ученой степени кандидата исторических наук _eспециальность 07.00.02 <Отечественная история> _fЗимаев Беслан Аптиевич _g[Пятигор. гос. технол. ун-т] |
|
| 210 |
_aПятигорск _d2010 |
||
| 215 |
_a26 с. _d21 |
||
| 320 | _aБиблиогр.: с. 26 (5 назв.) | ||
| 325 | _aКопия доступна в Электрон. б-ке РНБ | ||
| 610 | 0 | _aРоссия, ист. науки | |
| 610 | 0 | _aСтавропольская губерния, ист. науки | |
| 675 |
_a94(47) _v3 _zrus |
||
| 686 |
_a03.19 _2rugasnti |
||
| 686 |
_a63.3(2) _2rubbk |
||
| 686 |
_a07.00.02 _2oksvnk |
||
| 700 | 1 |
_aЗимаев _bБ. А.ъ _gБеслан Аптиевич _4070 |
|
| 801 | 0 |
_aRU _bRKP _c20101012 _gPSBO |
|
| 801 | 1 |
_aRU _bRKP _c20101012 |
|
| 801 | 2 |
_aRU _bNLR _c20110120 _grcr |
|
| 901 | _eАвторефераты | ||
| 942 | _cBOOK | ||
| 981 | 1 | 0 | _a(10) Авторефераты |